000
00262nam a22001217a 4500
008
180122b xxu||||| |||| 00| 0 eng d
041
_a
eng
080
_a
030
100
_a
32
101
_a
ENC
245
_a
ENCYCLOPEDIA BRITANICA
_c
JOHNSON.M
942
_2
udc
_c
BK
999
_c
40695
_d
40695